The united states and India, Pakistan, Bangladesh / (Record no. 123579)

MARC details
000 -LEADER
fixed length control field 00725nam a22002417a 4500
005 - DATE AND TIME OF LATEST TRANSACTION
control field 20170124105927.0
010 ## - LIBRARY OF CONGRESS CONTROL NUMBER
LC control number 712252
020 ## - INTERNATIONAL STANDARD BOOK NUMBER
Terms of availability 00.00
035 ## - SYSTEM CONTROL NUMBER
System control number 712252
037 ## - SOURCE OF ACQUISITION
Source of stock number/acquisition Cen Lib/Ret
040 ## - CATALOGING SOURCE
Original cataloging agency DPL
Language of cataloging EN
082 ## - DEWEY DECIMAL CLASSIFICATION NUMBER
Classification number 327.54
Item number BRO
100 ## - MAIN ENTRY--PERSONAL NAME
Personal name Brown, W. Norman
9 (RLIN) 6999
245 ## - TITLE STATEMENT
Title The united states and India, Pakistan, Bangladesh /
Statement of responsibility, etc by W. norman Brown
246 ## - VARYING FORM OF TITLE
Remainder of title
260 ## - PUBLICATION, DISTRIBUTION, ETC. (IMPRINT)
Name of publisher, distributor, etc Harvard University Press
Date of publication, distribution, etc 1972
Place of publication, distribution, etc Cambridge
270 ## - ADDRESS
City Cambridge
300 ## - PHYSICAL DESCRIPTION
Extent ix,462p.
Dimensions 23m(Hb)
500 ## - GENERAL NOTE
General note Includes appendix, bibliographical references and index
650 ## - SUBJECT ADDED ENTRY--TOPICAL TERM
Topical term or geographic name as entry element Foreign relation
Geographic subdivision India-USA-Pak
9 (RLIN) 7000
650 ## - SUBJECT ADDED ENTRY--TOPICAL TERM
Topical term or geographic name as entry element Rural poverty
9 (RLIN) 15493
942 ## - ADDED ENTRY ELEMENTS (KOHA)
Source of classification or shelving scheme Dewey Decimal Classification
Koha item type English Books
Classification part 327.54
Call number suffix BRO
Holdings
Withdrawn status Lost status Damaged status Not for loan Home library Current library Date acquired Source of acquisition Cost, normal purchase price Total Checkouts Full call number Barcode Date last seen Date checked out Copy number Cost, replacement price Price effective from Koha item type
        Central Library Central Library 09/06/2015 Cen Lib/Ret 0.00 1 327.54 BRO 712252 09/04/2018 24/03/2018 1 0.00 09/06/2015 English Books

© Delhi Public Library
Hit Counter
free hit counter